000 01157nmm a2200421 a 4500
003 AR-BaBNM
005 20251128210153.0
008 169019s1998 ||||||||||||||000 | spa||
020 _a84-316-3091-4
040 _cAR-BaBNM
100 1 _aLópez Melero, Raquel
245 1 0 _aHistoria universal
_bedad antigua : Grecia y Oriente Próximo. 1/1
260 _aBarcelona
_bVicens Vives
_c1998
300 0 _a897 p.
504 _aAl final de cada capítulo se encuentra bibliografía y documentos para consultar
600 1 4 _aMagno, Alejandro
600 0 4 _aPericles
650 4 _aEDAD ANTIGUA
650 4 _aCIVILIZACIONES ANTIGUAS
650 4 _aHISTORIA ANTIGUA
650 4 _aHISTORIA EUROPEA
650 4 _aCOMERCIO
650 4 _aHISTORIA DE LA FILOSOFIA
650 4 _aHISTORIA DEL ARTE
650 4 _aHISTORIA ECONOMICA
650 4 _aHISTORIA POLITICA
650 4 _aHISTORIA SOCIAL
651 4 _aGrecia
651 4 _aPersia
651 4 _aFenicia
651 4 _aEsparta
653 _aGRECIA ANTIGUA
653 _aHELENISMO
700 1 _aPlácido, Domingo
700 1 _aPresedo, Francisco
942 _cBK
998 _cMariana
999 _c14358
_d14358